Gramsci's common sense: (Record no. 157569)

MARC details
000 -LEADER
fixed length control field 00592nam a22001937a 4500
005 - DATE AND TIME OF LATEST TRANSACTION
control field 20180919121254.0
010 ## - LCCN (DPL NO)
LC control number ENG-123997
020 ## - INTERNATIONAL STANDARD BOOK NUMBER
International Standard Book Number 9789386296665
Terms of availability 950.00
035 ## - SYSTEM CONTROL NUMBER
System control number EN-107529
037 ## - SOURCE OF ACQUISITION
Source of stock number/acquisition DBAD/PUB
082 ## - DEWEY DECIMAL CLASSIFICATION NUMBER
Classification number 335.4119
100 ## - MAIN ENTRY--PERSONAL NAME
Personal name Crehan, Kate
245 ## - TITLE STATEMENT
Title Gramsci's common sense:
Statement of responsibility, etc by Kate Crehan
Remainder of title inequality and its narratives /
260 ## - PUBLICATION, DISTRIBUTION, ETC. (IMPRINT)
Place of publication, distribution, etc Hyderabad
Name of publisher, distributor, etc Orient BlackSwan Pvt. Ltd.
Date of publication, distribution, etc 2017
270 ## - ADDRESS
City Hyderabad
Postal code 500029
Address 3-6-752 Himayatnagar,
300 ## - PHYSICAL DESCRIPTION
Extent xvi,222p
Dimensions 22cm.(Hb)
500 ## - GENERAL NOTE
General note It includes index
942 ## - ADDED ENTRY ELEMENTS (KOHA)
Source of classification or shelving scheme Dewey Decimal Classification
Item type English Books
Classification part 335.4119
Call number suffix CRE
Holdings
Withdrawn status Lost status Not for loan Collection code Home library Current library Date acquired Source of acquisition Cost, normal purchase price Full call number Barcode Copy number Cost, replacement price Koha item type
    Not For Loan Non-fiction D.B.Act.Division Bawana 19/09/2018 DBAD/PUB 950.00 335.4119 CRE EN-107529 1 950.00 English Books

© Delhi Public Library
Hit Counter
free hit counter